00409nam a2200157Ia 4500003000400000008004100004040001600045082001300061100002000074245006500094260003300159300001000192650001500202650001200217650002200229GCL140319s9999 xx 000 0 eng d aGCL / cGCL04a843bJ R1 aJACQ, CHRISTIAN10aLA REINE SOLEIL: L'AIMEE DE TOUTANKHAMON / cJACQ, CHRISTIAN a[S.N] : bJULLIARD ، c1988 a569 P04aLITERATURE04aFICTION04aFRENCH LITERATURE